000 00534nas a2200181 i 4500
001 173071
003 ES-MaACL
005 20250217134833.0
008 091027d19291942it | | ||ta d
022 _a0365-0235
245 0 0 _aAnnuario della Reale Accademia d'Italia /
_cAccademia d'Italia.
260 _aRoma :
_bAnnuario della Reale Accademia d'Italia,
_c1929-1942.
300 _a4 v. ;
_c25 cm.
710 0 _aReale Accademia d'Italia.
_96406
852 _aES-MaACL
_jHem-290
866 0 _o1930-34.
999 _c173071
_d173071